Chuyển động của các hành tinh /

Saved in:
Bibliographic Details
Corporate Author: Vật lý và tuổi trẻ.
Format: Article
Language:Vietnamese
Subjects:
Tags: Add Tag
No Tags, Be the first to tag this record!
Institutions: Thư viện Trường Đại học Đà Lạt
LEADER 00797nam a2200265 4500
001 DLU130146544
005 ##20130327
040 # # |a DLU  |b vie 
041 # # |a vie 
044 # # |a vn 
245 # # |a Chuyển động của các hành tinh /  |c Vật lý và tuổi trẻ. 
653 # # |a Định luật bảo toàn năng lượng 
653 # # |a Định luật vạn vật 
653 # # |a Gia tốc 
710 # # |a Vật lý và tuổi trẻ. 
773 # # |t Tạp chí Vật lý và tuổi trẻ   |g Số 8(72), 2009, tr. 3-4 
920 # # |a Phòng Tạp chí -- Trung tâm Thông tin - Thư viện Trường Đại học Đà Lạt 
994 # # |a DLU 
900 # # |a True 
911 # # |a Nguyễn Thị Linh Chi 
925 # # |a G 
926 # # |a A 
927 # # |a BB 
980 # # |a Thư viện Trường Đại học Đà Lạt